Statistiques concernant Culture Générale - Série 2092

Cliquez ici pour prendre le quiz!

Statistiques générales

  • Ce quiz a été pris 92 fois
  • Le résultat moyen est 7 sur 10

Statistiques - réponses

QuestionRéponse% Correct
Quel pays détient le plus de titres de champion du monde rugby ?Nouvelle Zélande
93%
Dans quel art Fernand Léger s’est-il illustré ?peinture
82%
Quel pays a destitué sa présidente, Dilma Rousseff, le 31 août 2016 ? voir photoBrésil
78%
Quel pays nomme-t-on « le pays du Matin calme » ?Corée
76%
Quel animal est issu du croisement d’un tigre et d’une lionne ?tigron
70%
Quel était le style de musique prédilection de John Coltrane ?jazz
69%
Qui est l’auteur de « Shining », adapté au cinéma par Stanley Kubrick ?Stephen King
63%
Qui joue le mari vengeur de Romy Schneider dans “Le vieux fusil" ?Philippe Noiret
56%
"Le coeur a ses raisons que la raison ne connaît point" est une pensée de …Blaise Pascal
55%
Quelle est la tenniswoman le plus titrée de Roland Garros ?Chris Evert
31%

Distribution des résultats

Percentile par nombre de réponses

% des personnes avec chaque résultat

Votre développement - résultats

Vous n’avez pas pris ce quiz